15 Najwartościowszych Piłkarzy La Liga - Statystyki

Ogólne statystyki
  • Ten quiz został rozwiązany 845 razy
    168 od ostatniego zresetowania
  • Średni wynik to 8 z 15
Statystyki odpowiedzi
Wartość Piłkarz % Poprawnych
150 mln Vinicius
94%
180 mln Jude Bellingham
86%
80mln Pedri
86%
90 mln Pablo Gavi
84%
75 mln Lamine Yamal
77%
100 mln Rodrygo
73%
100 mln Federico Valverde
57%
90 mln Eduardo Camavinga
56%
70 mln Eder Militao
44%
70 mln de Jong
42%
90 mln Aurelien Tchouameni
41%
70 mln Ronald Araujo
40%
50 mln Raphinha
33%
50 mln Mikel Oyarzabal
5%
60 mln Takefusa Kubo
5%
Nie znaleziono quizów pasujących do podanych kryteriów
Rozkład punktacji
Procent ludzi z każdym wynikiem
Percentyl według liczby udzielonych odpowiedzi
Twoja historia wyników
Nie rozwiązałeś tego quizu od ostatniego zresetowania